The noble scholar, jurist, historian


 His Excellency Dr. Abdul Wahhab bin Ibrahim Abu Sulaiman, may Allah have mercy on him.


 He was born in Umm Al-Qura in the year 1356 AH.

هذا شرح مصباح الظلم على النهج الأتم في تبويب الحكم /‏ (Record no. 14563)

MARC details
000 -LEADER
fixed length control field 01214cam a22002531i 4500
003 - CONTROL NUMBER IDENTIFIER
control field OSt
005 - DATE AND TIME OF LATEST TRANSACTION
control field 20260313124756.0
008 - FIXED-LENGTH DATA ELEMENTS--GENERAL INFORMATION
fixed length control field 260215s1896 su g 000 0 ara c
040 ## - CATALOGING SOURCE
Original cataloging agency SA-JeALM
Language of cataloging ara
Transcribing agency SA-RiAUC
Description conventions rda
082 0# - DEWEY DECIMAL CLASSIFICATION NUMBER
Classification number 260‏
Assigning agency SA-RiAUC
090 ## - LOCALLY ASSIGNED LC-TYPE CALL NUMBER (OCLC); LOCAL CALL NUMBER (RLIN)
Classification number (OCLC) (R) ; Classification number, CALL (RLIN) (NR) م ن 260
Local cutter number (OCLC) ; Book number/undivided call number, CALL (RLIN) ن و و
100 1# - MAIN ENTRY--PERSONAL NAME
Personal name نووي الجاوي، محمد بن عمر بن عربي،
Dates associated with a name 1230-1316 هجري
Relator term مؤلف.
245 10 - TITLE STATEMENT
Title هذا شرح مصباح الظلم على النهج الأتم في تبويب الحكم /‏
Statement of responsibility, etc. محمد نووي البنتني الجاوي ؛ تبويب علي المتقي الهروي. وبهامشه شرح البردة للمؤلف المذكور
250 ## - EDITION STATEMENT
Edition statement الطبعة الأولى.‏
264 #1 - PRODUCTION, PUBLICATION, DISTRIBUTION, MANUFACTURE, AND COPYRIGHT NOTICE
Place of production, publication, distribution, manufacture مكة المكرمة :
Name of producer, publisher, distributor, manufacturer المطبعة الميرية،‏‏
Date of production, publication, distribution, manufacture, or copyright notice 1896‏
300 ## - PHYSICAL DESCRIPTION
Extent 132 صفحة ؛
Dimensions 29 سم
336 ## - CONTENT TYPE
Content type term نص
Content type code txt
Source rdacontent
Materials specified كتاب
337 ## - MEDIA TYPE
Media type term بدون وسيط
Media type code n
Source rdamedia
650 #7 - SUBJECT ADDED ENTRY--TOPICAL TERM
Topical term or geographic name entry element التصوف الإسلامي
Source of heading or term aucsh
650 #7 - SUBJECT ADDED ENTRY--TOPICAL TERM
Topical term or geographic name entry element الحكم والمأثورات
Source of heading or term aucsh
700 1# - ADDED ENTRY--PERSONAL NAME
Personal name الهروي، علي بن أبي بكر بن علي،
Dates associated with a name توفي 611 هجري
Relator term مقدم.
942 ## - ADDED ENTRY ELEMENTS (KOHA)
Source of classification or shelving scheme Dewey Decimal Classification
Koha item type كتاب مصور نادر
Suppress in OPAC No
949 ## - LOCAL PROCESSING INFORMATION (OCLC)
a SA-JeALM
d 260215
u osman123
n 1
Holdings
Withdrawn status Lost status Source of classification or shelving scheme Damaged status Not for loan Home library Current library Date acquired Total checkouts Full call number Barcode Date last seen Price effective from Koha item type
    Dewey Decimal Classification     DR AbdElwahab Library DR AbdElwahab Library 03/13/2026   م ن 260 ن و و 000023051 03/13/2026 03/13/2026 كتاب مصور نادر